NFL Starting 5 2021(After Draft) - Statistics

General Stats
  • This quiz has been taken 138 times
  • The average score is 86 of 160
Answer Stats
Hint Answer % Correct
Eagles QB Jalen Hurts
95%
Eagles WR1 Devonta Smith
94%
Packers QB Aaron Rodgers
89%
Vikings TE Irv Smith Jr
88%
Packers RB Aaron Jones
86%
Buccaneers QB Tom Brady
86%
Falcons WR1 Julio Jones
85%
Jaguars WR2 Marvin Jones
85%
Buccaneers WR1 Mike Evans
84%
Eagles RB Miles Sanders
84%
Buccaneers WR2 Chris Godwin
83%
Packers WR1 Devante Adams
83%
Buccaneers TE Rob Gronkowski
83%
Buccaneers RB Leonard Fournette
82%
Giants QB Danial Jones
79%
Eagles TE Zach Ertz
79%
Titans WR1 A.J Brown
77%
Dolphins RB Malcolm Brown
75%
Ravens WR2 Marquise Brown
75%
Steelers RB Najee Harris
72%
Chiefs WR1 Tyreek Hill
72%
Texans RB David Johnson
70%
Lions QB Jared Goff
70%
Chiefs QB Patrick Mahomes
70%
Chiefs TE Travis Kelce
70%
Lions WR2 Amon-Ra St. brown
68%
Bills QB Josh Allen
68%
Seahawks QB Russell Wilson
68%
Jets QB Zach Wilson
68%
Bears WR1 Allen Robinson
67%
Browns QB Baker Mayfield
67%
Seahawks WR2 D.K Metcalf
67%
Broncos QB Drew Lock
67%
Saints QB Jameis Winston
67%
Vikings WR1 Justin Jefferson
67%
Vikings QB Kirk Cousins
67%
Ravens QB Lamar Jackson
67%
Saints RB Alvin Kamara
66%
Vikings RB Dalvin Cook
66%
Saints WR1 Michael Thomas
66%
Browns WR1 Odell Beckham Jr
66%
Bills WR1 Stephon Diggs
66%
Colts QB Carson Wentz
65%
Steelers WR2 Chase Claypool
65%
Bengals QB Joe Burrow
65%
Falcons QB Matt Ryan
65%
Dolphins QB Tua Tagovailoa
65%
Cowboys QB Dak Prescott
64%
Chargers TE Jared Cook
64%
Cardinals QB Kyler Murray
64%
Giants RB Saquon Barkley
64%
Vikings WR2 Adam Thielen
63%
Rams WR1 Cooper Kupp
63%
Titans RB Derrick Henry
63%
Jaguars RB James Robinson
63%
Chargers QB Justin Herbert
63%
Chargers WR1 Keenen Allen
63%
Browns RB Nick Chubb
63%
Packers TE Robert Tonyan
63%
Seahawks WR1 Tyler Lockett
63%
Texans QB Desean Watson
61%
Panthers WR1 D.J Moore
61%
Cardinals WR1 Deandre Hopkins
60%
Cowboys RB Ezekiel Elliot
60%
Browns WR2 Jarvis Landry
60%
Football Team TE Logan Thomas
60%
Rams QB Mathew Stafford
60%
Chargers WR2 Mike Williams
60%
Seahawks RB Chris Carson
59%
Chiefs RB Clyde Edwards-Helaire
59%
Football Team WR2 Curtis Samuel
59%
Lions RB D'Andre Swift
59%
Raiders QB Dereck Carr
59%
Patriots TE Hunter Henry
59%
49ers TE George Kittle
58%
Cowboys WR1 Amari Cooper
57%
Bears QB Andy Dalton
57%
Patriots QB Cam Newton
57%
Bears RB David Montgomery
57%
Colts RB Jonathan Taylor
57%
Cardinals TE Maxx Williams
57%
Cowboys WR2 Ceedee Lamb
56%
Panthers RB Christion Mcaffrey
56%
Jets WR1 Corey Davis
56%
Bengals RB Joe Mixon
56%
Raiders RB Josh Jacobs
56%
Colts WR2 Michael Pittman Jr
56%
Jaguars QB Trever Lawrence
56%
Lions WR1 Tyrell Williams
56%
Bengals WR1 Ja'Marr Chase
55%
Falcons RB Mike Davis
55%
Lions TE T.J Hockenson
55%
Falcons WR2 Calvin Ridley
54%
Broncos WR2 Courtland Sutton
54%
Cardinals RB James Conner
54%
Dolphins WR2 Jaylen Waddle
54%
Broncos WR1 Jerry Jeudy
54%
Broncos RB Melvin Gordon
54%
Panthers QB Sam Darnold
54%
Football Team WR1 Terry McLaurin
54%
Chargers RB Austin Ekeler
53%
Raiders TE Darren Waller
53%
Giants TE Evan Engram
53%
Ravens TE Mark Andrews
53%
Rams WR2 Robert Woods
53%
Football Team RB Antonio Gibson
52%
Texans WR1 Brandin Cooks
52%
Rams RB Cam Akers
52%
Giants WR1 Kenny Golladay
52%
Chiefs WR2 Mecole Hardman
52%
Bills RB Devin Singletary
50%
Falcons TE Kyle Pitts
50%
Broncos TE Noah Fant
50%
Ravens WR1 Sammy Watkins
50%
Bills WR2 Cole Beasley
49%
Colts WR1 T.Y. Hilton
49%
Ravens RB J.K Dobbins
48%
49ers WR2 Brandon Aiyuk
47%
Football Team QB Ryan Fitzpatrick
47%
Bengals WR2 Tyler Boyd
47%
Dolphins TE Mike Gesicki
46%
Cardinals WR2 Christion Kirk
45%
Bears TE Cole Kmet
45%
Raiders WR1 Henry Ruggs
44%
Panthers WR2 Robbie Anderson
44%
49ers QB Trey Lance
44%
Browns TE Austin Hooper
42%
Packers WR2 Marquez Valdez-Scantling
42%
Rams TE Tyler Higbee
42%
Jaguars WR1 D.J Chark
41%
Patriots WR1 Nelson Agholor
41%
Steelers TE Eric Ebron
40%
49ers RB Raheem Mostert
40%
Dolphins WR1 Will Fuller
40%
Texans WR2 Randall Cobb
38%
Patriots RB Sony Michel
36%
49ers WR1 Deebo Samual
32%
Giants WR2 Kadarius Toney
32%
Jets WR2 Jamison Crowder
29%
Seahawks TE Gerald Everett
24%
Patriots WR2 Kendrick Bourne
24%
Bears WR2 Anthony Miller
20%
Colts TE Mo Alie-Cox
20%
Jaguars TE Tim Tebow
18%
Cowboys TE Blake Jarwin
16%
Panthers TE Dan Arnold
16%
Titans WR2 Josh Reynolds
16%
Jets RB Tevin Coleman
16%
Steelers WR1 Juju Smith-Shuster
14%
Jets TE Chris Herndon
13%
Titans QB Ryan Tannahill
13%
Bengals TE Drew Sample
10%
Titans TE Anthony Firkser
9%
Eagles WR2 Jalen Reager
9%
Texans TE Jordan Akins
8%
Steelers QB Ben Rothlesburger
5%
Bills TE Jacob Hollister
5%
Saints WR2 Ted Ginn Jr
3%
Raiders WR2 Willie Snead
3%
Saints TE Adam Troutman
2%
No matching quizzes found
Score Distribution
Percent of People with Each Score
Percentile by Number Answered
Your Score History
You have not taken this quiz